000 00609nam a2200181Ia 4500
008 220204s9999 xx 000 0 und d
082 _a57.085.23:581(06)
_bBAR
245 0 _aPlant tissue culture and its biotechnological application: Proceedings of the first International Congress on Medicinal plant research. Germany.1976.
260 _aBerlin
_bSpringer
_c1977
490 _aProceedings in life sciences
650 _aCell culture
650 _aHaploid techniques
650 _aOrganogenesis
650 _aPlant tissue culture
650 _aSomatic hybridisation
700 _aBARZ, W
942 _cBK
999 _c27289
_d27289